000 00595nam a2200205 a 4500
005 20230624064107.0
008 070316s2005 mx r 000 0 spa d
020 _a9701050754
035 _aUPN01000149843
049 _aCG
050 4 _aHQ801
_bR3.7
100 1 _aRamírez Padilla, David Noel
245 1 0 _aParejas sedientas de felicidad /
_cDavid Noel Ramírez Padilla.
260 _aMéxico :
_bMcGraw-Hill,
_c2005.
300 _axiii, 218 p.
650 4 _aRelaciones de pareja
_96414
650 2 _aVida familiar
_912440
650 4 _aRelaciones interpersonales
_91551
905 _aLibro
999 _c121984
_d121984